Declaración política de Río sobre determinantes sociales de la salud

La Declaración Política de Río sobre los Determinantes Sociales de la Salud expresa el compromiso político global para la implementación del enfoque de los determinantes sociales de la salud, para la reducción de las inequidades y para alcanzar otras prioridades globales.

Bibliographic Details
Corporate Author: Organización Mundial de la Salud
Format: Libro electronico
Language:Spanish
Published: Sao Paulo : Organización Mundial de la Salud, 2011.
Subjects:
Online Access:Acceso electrónico al documento

MARC

LEADER 00000nam a22000007a 4500
008 200409s2011 bl |||| |||| 00| 0 spa d
040 |a UAHC  |c UAHC 
110 |9 15078  |a Organización Mundial de la Salud 
245 |a Declaración política de Río sobre determinantes sociales de la salud   |c Organización Mundial de la Salud. 
260 |a Sao Paulo :   |b Organización Mundial de la Salud,  |c 2011. 
300 |a 8 páginas. 
500 |a Sitio visitado https://cdn.who.int/media/docs/default-source/documents/social-determinants-of-health/rio_political_declaration_spanish.pdf?sfvrsn=891f1a3b_5 2 el 18 de mayo de 2022. 
500 |a Conferencia Mundial sobre Determinantes Sociales de la Salud: Rio de Janeiro, 19-21 de octubre de 2011. 
520 |a La Declaración Política de Río sobre los Determinantes Sociales de la Salud expresa el compromiso político global para la implementación del enfoque de los determinantes sociales de la salud, para la reducción de las inequidades y para alcanzar otras prioridades globales. 
650 0 |a Salud pública   |9 14163  |x Aspectos sociales 
650 0 |a Epidemiología  |9 14961 
856 |u https://cdn.who.int/media/docs/default-source/documents/social-determinants-of-health/rio_political_declaration_spanish.pdf?sfvrsn=891f1a3b_5  |y Acceso electrónico al documento 
900 |a RECURSO ELECTRÓNICO 
942 |c LE  |2 ddc 
952 |0 0  |1 0  |2 ddc  |4 0  |6 RECURSO_ELECTRÓNICO  |7 0  |8 COMP  |9 95287  |a BC  |b BC  |c Digital  |d 2022-05-18  |l 0  |o RECURSO ELECTRÓNICO  |r 2022-05-18 00:00:00  |w 2022-05-18  |y LE  |A 353  |B TOCU 
999 |c 59349  |d 59349